Stavebné parcely za Tehelňou sa budú dražiť cena na úrovni 1100 korún za štvorák

Bibliographic Details
Main Author: Mazurková, Renáta, 1972- (Author)
Format: Article
Language:Slovak
PhysicalDescription:Fotogr.
ISSN:1335-7581
Subjects:

MARC

LEADER 00000nab a2200000 a 4500
001 vtls009286425
003 SK-MaSNL
005 20260303060240.0
008 080417c20080407xo dr| 0 0slo
038 |a RVGKPD 
040 |a RVGKPD  |b slo  |c RVGKPD  |e AACR2 
041 |a slo 
044 |a xo  |c SK 
080 |a 352.9  |2 1997 
080 |a 35.073.544:658.849.7  |2 1997 
100 1 |a Mazurková, Renáta,  |d 1972-  |4 aut  |9 859052 
245 1 0 |a Stavebné parcely za Tehelňou sa budú dražiť  |b cena na úrovni 1100 korún za štvorák  |c Renáta Mazurková 
300 |b Fotogr. 
610 1 7 |a Rožňava (Slovensko).  |b Mestské zastupiteľstvo  |2 rvgkpd  |9 58429 
650 0 7 |a stavebné pozemky  |2 rvgkpd  |9 725815 
650 0 7 |a verejné dražby  |2 rvgkpd  |9 4608 
651 7 |a Rožňava (Slovensko)  |2 rvgkpd  |9 17394 
773 0 |t Gemerský korzár  |g Roč. X, č. 81 (7.4.2008), s. 1, 2  |x 1335-7581 
852 |a RVGKPD  |b KIS3G 
992 |a RBX 
999 |c 1730713  |d 1732643